Online
Catalog

Guía básica sobre procedimientos ante el Tribunal Constitucional. (Record no. 42983)

MARC details
000 -CABECERA
campo de control de longitud fija 00410nam a2200133 a 4500
001 - NÚMERO DE CONTROL
campo de control 000043494
005 - FECHA Y HORA DE LA ÚLTIMA TRANSACCIÓN
campo de control 20201002044820.0
008 - DATOS DE LONGITUD FIJA--INFORMACIÓN GENERAL
campo de control de longitud fija 140319s2015 000 spa d
020 ## - NÚMERO INTERNACIONAL ESTÁNDAR DEL LIBRO
Número Internacional Estándar del Libro 9789945897036
040 ## - FUENTE DE LA CATALOGACIÓN
Centro catalogador/agencia de origen DO-SdBNP
Lengua de catalogación spa
Centro/agencia transcriptor BNPHU
245 #0 - MENCIÓN DE TÍTULO
Título Guía básica sobre procedimientos ante el Tribunal Constitucional.
260 ## - PUBLICACIÓN, DISTRIBUCIÓN, ETC.
Lugar de publicación, distribución, etc. Santo Domingo, :
Nombre del editor, distribuidor, etc. Tribunal Constitucional,
Fecha de publicación, distribución, etc. [2015].
300 ## - DESCRIPCIÓN FÍSICA
Extensión 16 p. ;
Dimensiones 14 cm.
Holdings
Estado de retiro Estado de pérdida Restricciones de uso No para préstamo Código de colección Localización permanente Ubicación/localización actual Ubicación en estantería Fecha de adquisición Número de inventario Total de préstamos Signatura topográfica completa Código de barras Fecha visto por última vez Precio válido a partir de Tipo de ítem Koha Número de copia
  Extraviado   Excluido de préstamo Monografías: Libros y Folletos General General Extraviado 23.01.2019 LF1   43494-40 25.06.2020 25.06.2020 No se presta  
  Extraviado   Excluido de préstamo Monografías: Libros y Folletos General General Extraviado 23.01.2019 LF1   43494-50 25.06.2020 25.06.2020 No se presta  
      Excluido de préstamo Monografías: Libros y Folletos Patrimonio Dominicano Patrimonio Dominicano Depósito 19.03.2014 LF1   43494-10 25.06.2020 25.06.2020 No se presta  
      Excluido de préstamo Monografías: Libros y Folletos Patrimonio Dominicano Patrimonio Dominicano Depósito 25.04.2017 LF1   43494-20 25.06.2020 25.06.2020 No se presta e. 2
  Extraviado   Excluido de préstamo Monografías: Libros y Folletos Patrimonio Dominicano Patrimonio Dominicano Extraviado 25.04.2017 LF1   43494-30 25.06.2020 25.06.2020 No se presta e. 3

Powered by Koha